000
00220nam a2200109Ia 4500
100
_a
Kumbhojkar G.V
942
_c
BK
245
_a
Companion to Applied mathematics I
260
_b
#N/A
546
_a
ENGLISH
999
_c
32849
_d
32849